Parti politique avec des présidences de région - Statistiques

Statistiques générales
  • Ce quiz a été pris 174 fois
  • Le résultat moyen est 3 sur 9
Statistiques - réponses
Parti Nombre de régions % Correct
Les Républicains 6
99%
Parti Socialiste 5
97%
La République en Marche 3
79%
Les Centristes 1
15%
Pour la Réunion 1
7%
Femu a Corsica 2
5%
Guadeloupe unie, solidaire et responsable 1
3%
Parti Progressiste Martiniquais 1
2%
Péyi Guyane 1
1%
Aucun quiz correspondant
Distribution des résultats
% des personnes avec chaque résultat
Percentile par nombre de réponses
Votre historique - résultats
Vous n’avez pas pris ce quiz